| 000 | 00860cam a22002773a 4500 | ||
|---|---|---|---|
| 001 | 23022 | ||
| 003 | PGUSA | ||
| 005 | 20140828083506.0 | ||
| 008 | 071013s2007||||xxu|||||s|||||000 1 eng d | ||
| 040 |
_aPGUSA _beng |
||
| 042 | _adc | ||
| 050 | 4 | _aPZ | |
| 100 | 1 |
_aMeade, L. T., _d1854-1914 |
|
| 245 | 1 | 0 |
_aRed Rose and Tiger Lily; Or, In a Wider World _h[electronic resource] / _cL. T. Meade |
| 260 |
_bProject Gutenberg, _c2007 |
||
| 506 | _aPublic domain in the USA. | ||
| 516 | _aElectronic text | ||
| 653 | _aConduct of life -- Juvenile fiction | ||
| 653 | _aStepfamilies -- Juvenile fiction | ||
| 653 | _aFathers and daughters -- Juvenile fiction | ||
| 653 | _aSisters -- Juvenile fiction | ||
| 653 | _aFriendship -- Juvenile fiction | ||
| 830 | 0 |
_aProject Gutenberg _v23022 |
|
| 856 | 4 | 0 | _uhttp://www.gutenberg.org/ebooks/23022 |
| 942 | _cEB | ||
| 999 |
_c252277 _d252277 |
||